000 00885nam a2200253 4500
001 2185331
003 OSt
005 20230620093139.0
008 711102s1971 nyu d 000 0 eng
010 _a 71164001
040 _aDLC
_cDLC
_dDLC
050 0 0 _aPE1680
_b.W43 1971
082 0 0 _a421.52
_bMIL
245 0 0 _aWebster's New World 33,000 word book,
_ccompiled by Shirley M. Miller and based upon Webster's New World dictionary of the American language, 2d college ed.
260 _aNew York,
_bWorld Pub. Co.
_c[1971]
300 _axiii, 338 p.
_c15 cm.
350 _a$2.95
500 _a1966 ed. published under title: Webster's New World word book.
650 0 _aEnglish language
_xGlossaries, vocabularies, etc.
700 1 _aMiller, Shirley M.,
_ecomp.
740 _aNew World 33,000 word book.
906 _a7
_bcbc
_corignew
_d2
_encip
_f19
_gy-gencatlg
942 _2ddc
_cBK
999 _c1510
_d1510